Histoire d'une collaboration (Record no. 144935)

MARC details
000 -LEADER
campo de control de longitud fija 00584nam a2200193 4500
001 - NÚMERO DE CONTROL
campo de control 144935
003 - IDENTIFICADOR DE NÚMERO DE CONTROL
campo de control ES-MaACL
005 - FECHA Y HORA DE LA ÚLTIMA TRANSACCIÓN
campo de control 20250704062529.0
007 - CAMPO FIJO DE DESCRIPCIÓN FÍSICA--INFORMACIÓN GENERAL
campo de control de longitud fija t|
008 - DATOS DE LONGITUD FIJA--INFORMACIÓN GENERAL
campo de control de longitud fija 070214s1919 fr r ||||1| fre d
100 1# - ENTRADA PRINCIPAL--NOMBRE DE PERSONA
Nombre de persona Simon, Gustave.
9 (RLIN) 106509
245 10 - MENCIÓN DEL TÍTULO
Título Histoire d'une collaboration
Resto del título : Alexandre Dumas et Auguste Maquet /
Mención de responsabilidad, etc. Gustave Simon.
260 ## - PUBLICACIÓN, DISTRIBUCIÓN, ETC.
Lugar de publicación, distribución, etc. Orléans :
Nombre del editor, distribuidor, etc. Orléanaise,
Fecha de publicación, distribución, etc. 1919.
300 ## - DESCRIPCIÓN FÍSICA
Extensión 204 p., 1 lám. ;
Dimensiones 19 cm.
600 04 - PUNTO DE ACCESO ADICIONAL DE MATERIA--NOMBRE DE PERSONA
Nombre de persona Maquet, Auguste.
9 (RLIN) 76282
600 14 - PUNTO DE ACCESO ADICIONAL DE MATERIA--NOMBRE DE PERSONA
Nombre de persona Dumas, Alexandre,
Fechas asociadas al nombre 1802-1870
9 (RLIN) 241135
852 ## - LOCALIZACIÓN
Ubicación ES-MaACL
Número de control de estantería F-5625
Holdings
Estatus retirado Estado de pérdida Estado de daño No para préstamo Biblioteca de origen Biblioteca actual Ubicación en estantería Fecha de adquisición Fuente de adquisición Total de préstamos Signatura topográfica completa Código de barras Visto por última vez Precio de reemplazo Tipo de ítem Koha
        Biblioteca del Ateneo de Madrid Biblioteca del Ateneo de Madrid Depósito 2 17/01/2008     F-5625 1151232 23/02/2023 23/02/2023 Libro impreso